National IQ Ranking Quiz Stats

 Plays Quiz not verified by Sporcle

Also try: Aqua-Themed Trivia
Challenge
Share
Tweet
Embed
Score 0/40 Timer 08:00
0 Plays Today
IQ score % Correct
Japan
96.7%
China
93.4%
Germany
84.5%
France
84%
Canada
84%
Russia
82.2%
Italy
82.1%
South Korea
79.8%
Sweden
78.7%
Spain
78.6%
Australia
76%
Finland
72.1%
Switzerland
69.8%
Denmark
68.6%
Portugal
67.7%
Ireland
67.1%
Austria
66.4%
Poland
65.9%
Greece
65.6%
New Zealand
64.6%
IQ score % Correct
United States
63.2%
Netherlands
62.9%
Belgium
57.8%
United Kingdom
57.6%
Taiwan
56.9%
Singapore
55.8%
Thailand
53.5%
Hungary
52.8%
Israel
51.6%
Argentina
50.5%
Czech Republic
49.6%
Romania
45.4%
Slovakia
44.9%
Hong Kong
44.8%
Slovenia
39.4%
Bulgaria
39.4%
Croatia
38.5%
Malaysia
38.2%
Mongolia
35.6%
Uruguay
21%

You're not logged in!

Compare scores with friends on all Sporcle quizzes.
OR
Log In

You Might Also Like...

Show Comments

Extras

Top Quizzes Today


Score Distribution

Your Account Isn't Verified!

In order to create a playlist on Sporcle, you need to verify the email address you used during registration. Go to your Sporcle Settings to finish the process.

Report this User

Report this user for behavior that violates our Community Guidelines.

Details: